| 000 -CABECERA |
| Campo de control de longitud fija |
00576nas a22001697a 4500 |
| 008 - CAMPO FIJO DE DESCRIPCIÓN FIJA--INFORMACIÓN GENERAL |
| Campo de control de longitud fija |
130627c2010 sp ||||| |||| 00| 0 cat d |
| 245 00 - MENCIÓN DE TÍTULO |
| Título |
Butlletí del Col·legi de Periodistes |
| 260 ## - PUBLICACIÓN, DISTRIBUCIÓN, ETC (PIE DE IMPRENTA) |
| Lugar de publicación, distribución, etc. |
Barcelona |
| Nombre del editor, distribuidor, etc. |
Col·legi de Periodistes de Catalunya |
| Fecha de publicación, distribución, etc. |
2010- |
| 300 ## - DESCRIPCIÓN FÍSICA |
| Extensión |
núm. |
| 362 0# - DATOS DE LA PUBLICACIÓN Y/O DESIGNACIÓN SECUENCIAL |
| Fechas de publicación y/o designación secuencial |
Núm. 1 (novembre 2010) - |
| 650 04 - ASIENTO SECUNDARIO DE MATERIA--TÉRMINO DE MATERIA |
| 9 (RLIN) |
195 |
| Nombre de materia o nombre geográfico como elemento de entrada |
Premsa |
| Subdivisión geográfica |
Catalunya |
| Subdivisión de forma |
Revistes |
| 650 04 - ASIENTO SECUNDARIO DE MATERIA--TÉRMINO DE MATERIA |
| 9 (RLIN) |
3172 |
| Nombre de materia o nombre geográfico como elemento de entrada |
Periodisme |
| Subdivisión geográfica |
Catalunya |
| Subdivisión de forma |
Revistes |
| 650 04 - ASIENTO SECUNDARIO DE MATERIA--TÉRMINO DE MATERIA |
| 9 (RLIN) |
4580 |
| Nombre de materia o nombre geográfico como elemento de entrada |
Butlletins d'informació |
| 710 2# - ENCABEZAMIENTO SECUNDARIO--NOMBRE CORPORATIVO |
| 9 (RLIN) |
133 |
| Nombre corporativo o de jurisdicción como elemento de entrada |
Col·legi de Periodistes de Catalunya |
| 740 3# - ENCABEZAMIENTO SECUNDARIO--TÍTULO ANALÍTICO/RELACIONADO NO CONTROLADO |
| Título relacioando o analítico no controlado |
El full del Col·legi |
| 942 ## - ELEMENTOS KOHA |
| Koha tipo de item |
Publicacions periòdiques |
| Fuente de clasificación o esquema de ordenación en estanterías |
|